书目信息 |
| 题名: |
怎样玩魔方
|
|
| 作者: | 博赛特 著 ;志原 译 | |
| 分册: | ||
| 出版信息: | 上海 中国少年儿童出版社 1982.02 |
|
| 页数: | 105页 | |
| 开本: | 19cm | |
| 丛书名: | ||
| 单 册: | ||
| 中图分类: | G898.2 | |
| 科图分类: | ||
| 主题词: | 文娱性体育活动 | |
| 电子资源: | ||
| ISBN: | ||
| 000 | 00593nam0 2200205 45 | |
| 001 | 0209240803 | |
| 005 | 20060812145454.46 | |
| 010 | @dCNY0.26 | |
| 091 | @aR13056.142 | |
| 100 | @a20020924d1982 km y0chiy0120 ea | |
| 101 | 0 | @achi |
| 200 | 1 | @a怎样玩魔方@AZen Yang Wan Mo Fang@f(英)帕特里克·博赛特著@F(Ying)Pa Te Li Ke·Bo Sai Te Zhu@g志原译 |
| 210 | @a上海@c中国少年儿童出版社@d1982.02 | |
| 215 | @a105页@d19cm | |
| 606 | 0 | @a文娱性体育活动 |
| 690 | @aG898.2@v3 | |
| 701 | 0 | @a博赛特@4著 |
| 702 | 0 | @a志原@AZhi Yuan@4译 |
| 801 | @aCN@bTSTC@c20060812 | |
| 905 | @f2@b228731-732@dG898.2@e107 | |
| 怎样玩魔方/(英)帕特里克·博赛特著/志原译.-上海:中国少年儿童出版社,1982.02 |
| 105页;19cm |
| ISBN :CNY0.26 |
| ● |
| 相关链接 |
|
|
|
|
正题名:怎样玩魔方
索取号:G898.2/107
 
预约/预借
| 序号 | 登录号 | 条形码 | 馆藏地/架位号 | 状态 | 备注 |
| 1 | 0228731 | 001838569 | 密集书库/ [索取号:G898.2/107] | 在馆 | |
| 2 | 0228732 | 001838523 | 密集书库/ [索取号:G898.2/107] | 在馆 | |
| 3 | 0449096 | 204490960 | 密集书库/ [索取号:G898.2/107] | 在馆 |